| 000 | 00490 a2200169 4500 | ||
|---|---|---|---|
| 003 | OSt | ||
| 005 | 20230929133445.0 | ||
| 008 | 230929b |||||||| |||| 00| 0 eng d | ||
| 020 | _a9789352836109 | ||
| 040 | _coclc | ||
| 082 |
_a515 _bRAI/O |
||
| 100 |
_aRaisinghania, M D _93881 |
||
| 245 |
_aOrdinary and partial differential equations / _cM D Raisinghania |
||
| 260 |
_bS Chand, _c2022. |
||
| 300 | _amultipagination | ||
| 942 |
_2ddc _cBK _h515 _iRAI/O _k515 _mRAI/O |
||
| 999 |
_c42383 _d42383 |
||